01291nam a22001937a 450000500170000000800410001704000120005804100080007004400070007810000220008524504080010726000980051530000220061350000530063552003350068865000160102365000240103965000340106320141216110243.0131216b2007 ck ||||| |||| 00| 0 spa d cCO-BoIH aspa ack aCaro Diaz- Angela aIncorporación de un mayor número de usuarios correspondientes a los distintos procesos apoyados desde el proyecto Andesbasi como la documentación de tales procesos y los datos asociados sobre recursos, usarios, y espacios de uso en el aplicativo; así mismo nuevos enlaces con otros usuarios e investigadores que acompañan procesos similares, haciendo capacitaciones y asesorías pertinentes. aBogotábInstituto de Investigación de Recursos Biológicos Alexander von Humboldtc2007 a90 p.bil.c28 cm aInforme tecnico contrato Nº 07-05-58605-0195 ps aRealizar el proceso de acercamiento del sistema de información de usos y saberes locales Yoscua, con grupos locales seleccionados del altiplano cundi-boyancense. mediante el apoyo conceptual para el diseño de un aplicativo amigable, el ajueste de la información disponible, la validación del aplicativo con grupos locales. aArtesanias  aPlantas medicinales aBiodiversidad zRegion andina